000 00862nam a2200277Ia 4500
005 20220316235554.0
008 121119s1998 mx gr 000 0 spa
020 _a968165658X
041 0 _aspa
082 0 4 _a001.4209
_bP27E
100 1 _aPérez Tamayo, Ruy
245 1 0 _aExiste el método científico?
_cRuy Pérez Tamayo
250 _aPrimera edición
300 _a297 páginas
_c21 cm
490 0 _aCiencia para todos
650 1 4 _aInvestigación científica
_2LEMB
650 1 4 _aFilosofía de la ciencia
_2LEMB
650 1 4 _aTeoría del conocimiento
_2LEMB
650 1 4 _aMetodología científica
_2LEMB
942 _2ddc
_cBK
264 _aMéxico
_bFondo de Cultura Económica
_c1998
336 _atexto
_btxt
_2rdacontent
337 _asin mediación
_bn
_2rdamedia
338 _avolumen
_bnc
_2rdacarrier
040 _aCO-BoRNBP
_bspa
_erda
_cCO-BoRNBP
999 _c1403
_d1403